[Event "Turkey IS Bank Super League 2017"]
[Site "Darica-Kocaeli"]
[Date "2017.07.30"]
[Round "6"]
[White "Ivanchuk, Vassily"]
[Black "Mamedov, Nidjat"]
[Result "1-0"]
[WhiteElo "2729"]
[BlackElo "2589"]
[Annotator "TA"]
[PlyCount "95"]
[EventType "team-tourn"]
[EventCountry "TUR"]
[SourceTitle "playchess.com"]
[Source "ChessBase"]
[SourceQuality "1"]

{[%evp 16,95,175,108,93,92,85,80,147,134,149,154,136,134,160,134,133,129,127,142,138,127,158,173,160,151,204,190,182,186,177,158,160,163,175,159,161,174,166,165,191,177,216,176,239,235,234,226,262,241,210,222,329,317,342,342,319,317,251,137,125,40,397,351,385,383,365,357,348,344,467,469,925,937,2028,1147,1757,1329,1328,992,5097,2477]} 1. e4 d5 2. exd5 Qxd5 3. Nc3 Qa5 4. d4 Nf6 5. Nf3 Bf5 6. Ne5 e6 7. g4 Bg6 8. h4 Ne4 {B01: Scandinavian Defence} (8... Bb4 9. Bd2 Nbd7 10. Nc4 Qa6 11. h5 Bxc3 12. bxc3 Be4 13. f3 Bd5 14. Ne3 Qd6 15. Rh3 h6 16. c4 Bc6 {0-1 (48) Rublevsky,S (2702)-Munoz Pantoja,M (2441) Berlin 2015}) 9. Bd2 {LiveBook: 3 Games} (9. Qf3 $18 Nd6 10. Bd2) 9... Nxc3 $16 10. Bxc3 (10. bxc3 Nd7 $11) 10... Bb4 {White is better.} 11. Rh3 {Bg2 is the strong threat.} Be4 ({Better is} 11... Nd7) 12. Qe2 $1 {[%cal Re2e4]} Bd5 $146 ({Predecessor:} 12... Bxc3+ 13. Rxc3 Bd5 14. Qb5+ Qxb5 15. Bxb5+ c6 16. Bf1 {0-1 (32) Nazarevskiy,S-Eschenko,V (2433) Kiev 2002}) 13. O-O-O $1 {Hoping for Bxb4.} O-O 14. Bxb4 Qxb4 15. h5 f6 16. c4 fxe5 17. cxd5 exd5 18. Qxe5 (18. dxe5 c6 $14) 18... Rxf2 {[%csl Gf2][%cal Rb4b2]} 19. Qxd5+ Kh8 {[%csl Gf2][%cal Rb4b2]} 20. Rb3 {[%cal Bh3b3,Bb3b7,Bb7c7][%mdl 32]} Qf8 21. Bd3 $1 (21. Qxb7 Nc6 $14) 21... Nc6 22. Rxb7 Qf4+ 23. Kb1 Qxg4 {[%cal Rg4d1]} 24. Rc1 $40 {[%mdl 128] White has strong attack.} Qxd4 25. Qxd4 ({Inferior is} 25. Qxc6 Qxd3+ 26. Ka1 Rf1 $11) 25... Nxd4 26. Rbxc7 Ne6 27. R7c6 Rf6 {[#]} 28. h6 $1 {[%mdl 512]} Raf8 (28... Rxh6 29. Rc8+) 29. Re1 Nf4 (29... Rf3 $142 30. Bc4 (30. Rexe6 Rxd3 31. Re7 Rg3 $16) 30... Ng5 31. hxg7+ Kxg7 32. Re7+ Nf7) 30. Rxf6 $18 gxf6 {[%mdl 4096] Endgame KRB-KRN} 31. Bf5 Ng6 {[#]} 32. Re6 $1 Nh4 33. Bd3 f5 (33... Ng6 $142 34. Ra6 Rf7) 34. Re7 a5 35. Ra7 f4 36. Rxa5 ({Less strong is} 36. Rxh7+ Kg8 $16) 36... f3 {[#]} 37. Rh5 (37. b4 $1 $18) 37... Rf4 $16 38. Re5 ({White should play} 38. b3 $16) 38... Rf8 $2 {[%mdl 8192]} (38... Kg8 $14) 39. Re4 $18 Ng6 40. Bf1 Nf4 41. a4 {[%cal Ba2a4,Ba4a5,Ba5a6][%mdl 32]} Nh5 {and the idea ...Ng3 leaves Black hopeful.} 42. Rg4 f2 43. a5 {White is clearly winning.} Re8 (43... Nf6 $142) 44. Ka2 Re1 45. Bc4 {[%csl Gc4][%cal Rg4g8]} Rg1 46. Rd4 {Rd8+ would kill now.} Rg8 47. a6 Ng3 48. Rf4 {Precision: White = 79%, Black = 44%.} (48. Bxg8 $142 f1=Q 49. Bc4) 1-0

[Event "Turkey IS Bank Super League 2017"]
[Site "Darica-Kocaeli"]
[Date "2017.07.30"]
[Round "6"]
[White "Markus, Robert"]
[Black "Vorontsov, Pavlo"]
[Result "1/2-1/2"]
[WhiteElo "2672"]
[BlackElo "2510"]
[Annotator "TA"]
[PlyCount "111"]
[EventType "team-tourn"]
[EventCountry "TUR"]
[SourceTitle "playchess.com"]
[Source "ChessBase"]
[SourceQuality "1"]

{[%evp 22,111,8,8,27,20,25,12,13,9,22,19,35,41,51,50,34,25,48,46,45,48,46,37,71,75,72,72,82,47,54,37,38,29,34,10,38,59,68,35,71,35,57,33,52,36,64,0,0,-6,0,0,0,-35,-33,-25,-33,-31,0,-35,-23,-48,-26,-16,-20,-25,0,0,-7,-12,0,-49,0,0,0,0,0,0,0,0,0,0,0,0,0,0,0,0,0,0,0,0]} 1. d4 Nf6 2. c4 e6 3. Nf3 b6 4. g3 Bb7 5. Bg2 Bb4+ 6. Bd2 a5 7. O-O O-O 8. Bf4 Be7 9. Nc3 Ne4 10. Rc1 {E16: Queen's Indian: 4 g3 Bb7 5 Bg2 Bb4+} d6 11. Qd3 Nxc3 12. Rxc3 {LiveBook: 12 Games} Qc8 $146 ({Predecessor:} 12... Nd7 13. Ng5 Bxg5 14. Bxb7 Rb8 15. Bxg5 Qxg5 16. f4 Qe7 17. Bc6 Rbd8 {1-0 (50) Fedoseev,V (2664)-Xu,J (2526) Doha 2015}) 13. e4 Nd7 14. Qc2 Re8 15. Be3 Bf6 16. Rd1 Ra7 17. Nd2 c5 18. Nb1 $1 Ba6 19. Na3 Qb8 20. Rcd3 cxd4 21. Bxd4 Nc5 22. R3d2 {[#] Hoping for Bxf6.} Be7 23. Qc3 Na4 24. Qf3 Nc5 25. h4 Nd7 26. Qe3 Rc7 27. Qb3 Rec8 {[%cal Ra6c4]} 28. Bf1 Qa8 29. Qe3 Qb7 30. Be2 Bf8 31. Bc3 Qa8 32. Kh2 h6 33. Qf4 (33. b3 {is more complex.} Nc5 34. Bf3 Rd7 35. Bg2 Rdd8 36. Nb5) 33... Ne5 {[%cal Re5c4]} 34. Bxe5 (34. b3 $14) 34... dxe5 $11 35. Qxe5 Bxa3 36. bxa3 Bxc4 37. Bg4 (37. Bh5 $5 {[%cal Rd2d7]}) 37... Rc5 38. Qf4 Bb5 39. Rd6 Ba4 (39... Rc4 $5 {[%cal Rc4e4]}) 40. R1d2 Bc6 41. f3 Bb5 42. Rxb6 Qa7 43. Qd6 {Bxe6! is the strong threat.} R5c6 44. Rxc6 Rxc6 45. Qf4 Bd3 46. Bh3 ({Don't blunder} 46. Rxd3 $2 Qf2+ 47. Kh3 Qf1+ 48. Kh2 Qxd3 $19) (46. Bh5 {feels hotter.} Rc2 47. Rxc2 Bxc2 48. Kg2 Ba4 49. Qc1) 46... Rc2 (46... Rc1 {is interesting.} 47. Bg2 Qg1+ 48. Kh3 Bf1 49. g4 Rc3) 47. Rxc2 {The position is equal.} Bxc2 48. Qd2 Qc5 49. Bg2 Ba4 50. f4 Bc6 51. e5 Bxg2 52. Qd8+ Kh7 53. Qd3+ {[#]} Be4 $1 {[%mdl 512]} 54. Qxe4+ Kg8 55. a4 h5 56. Kg2 {Precision: White = 47%, Black = 41%.} (56. a3 $5) 1/2-1/2

[Event "Turkey IS Bank Super League 2017"]
[Site "Darica-Kocaeli"]
[Date "2017.07.30"]
[Round "6"]
[White "Kravtsiv, Martyn"]
[Black "Rozum, Ivan"]
[Result "1-0"]
[WhiteElo "2657"]
[BlackElo "2573"]
[Annotator "TA"]
[PlyCount "71"]
[EventType "team-tourn"]
[EventCountry "TUR"]
[SourceTitle "playchess.com"]
[Source "ChessBase"]
[SourceQuality "1"]

{[%evp 13,71,26,32,32,22,25,35,22,81,77,71,71,75,81,94,70,81,74,70,62,81,68,77,75,80,77,78,68,74,78,166,172,162,163,176,188,165,165,226,225,221,220,219,195,229,225,2410,2394,2261,1729,1897,1767,1583,1756,1416,1353,1958,1980,2395,2483]} 1. e4 {[%cal Be2e4,Be4e5][%mdl 32]} c6 2. d4 d5 3. e5 Bf5 4. Nd2 e6 5. Nb3 Nd7 6. Nf3 Qc7 {B12: Caro-Kann: Advance Variation} 7. Be2 c5 {LiveBook: 8 Games} 8. O-O c4 {White is slightly better.} 9. Nbd2 h6 10. a4 $146 ({Predecessor:} 10. c3 Ne7 11. b3 cxb3 12. Qxb3 Nc6 13. c4 Na5 14. Qa4 dxc4 15. Nxc4 Nxc4 16. Bxc4 {0-1 (51) Rublevsky,S (2689)-Fedoseev,V (2673) Novi Sad 2016}) 10... c3 (10... Ne7 $11) 11. bxc3 $16 Qxc3 12. Ra2 {Strongly threatening Nc4!} Qc7 13. c4 Ne7 14. Ba3 Nc6 15. cxd5 exd5 16. Qb3 Bxa3 17. Qxa3 Nf8 18. Rb2 Ne6 19. Rc1 a6 20. h3 Rd8 21. Nb3 Be4 {[#]} (21... Qe7 $16 22. Qxe7+ Kxe7) 22. Na5 $1 $18 {[%mdl 512]} Qxa5 (22... Nxa5 23. Rxc7) 23. Rxb7 Nb4 24. Rxb4 ({Don't do} 24. Qxb4 $6 Qxb4 25. Rxb4 a5 $14) 24... O-O 25. Nd2 $1 $36 {[%cal Rd2b3][%mdl 2048] White is on the roll.} Rb8 (25... Rc8 $142 26. Rxc8 Rxc8 27. Nxe4 dxe4) 26. Rxb8 Rxb8 27. Nxe4 dxe4 28. Qd6 Rb2 29. Bh5 $1 {[%cal Rh5f7]} ({Worse is} 29. Qxa6 Qd2 $15) 29... Rxf2 $2 {[#]} (29... g6) 30. Bxf7+ $1 {[%mdl 512] White is clearly winning.} Kxf7 (30... Rxf7 31. Qxe6) 31. Qd7+ Kg6 32. Qxe6+ Kh7 {[#]} 33. Qg4 $1 Rf8 34. Qxe4+ Kh8 35. d5 Qd2 36. Rf1 {Precision: White = 98%, Black = 48%.} 1-0

[Event "Turkey IS Bank Super League 2017"]
[Site "Darica-Kocaeli"]
[Date "2017.07.30"]
[Round "6"]
[White "Anton Guijarro, David"]
[Black "Kuzubov, Yuriy"]
[Result "0-1"]
[WhiteElo "2654"]
[BlackElo "2646"]
[Annotator "TA"]
[PlyCount "114"]
[EventType "team-tourn"]
[EventCountry "TUR"]
[SourceTitle "playchess.com"]
[Source "ChessBase"]
[SourceQuality "1"]

{[%evp 21,114,45,39,8,50,57,56,46,61,28,20,15,21,21,26,26,28,40,88,71,66,0,0,0,0,0,0,0,0,-33,-22,-29,-22,-31,-29,-31,-27,-38,-21,-28,-18,-18,-18,-21,-20,-18,0,0,0,-85,-59,-78,-72,-56,0,0,0,0,0,-28,0,-42,-65,-65,-81,-102,-68,-84,-87,-110,-137,-566,-541,-592,-585,-817,-817,-810,-791,-776,-755,-675,-658,-4627,-4627,-4618,-4348,-29982,-29983,-29983,-29984,-29984,-29985,-29985,-29984]} 1. e4 e5 2. Nf3 Nf6 3. Nxe5 d6 4. Nf3 Nxe4 5. d4 d5 6. Bd3 Be7 7. O-O Nd6 8. Re1 {C42: Petroff Defence: 3 Nxe5 and unusual White 3rd moves} (8. Bf4 O-O 9. h3 Re8 10. c3 Nd7 11. Qc2 Nf8 12. Nbd2 g6 13. Qb3 Be6 14. Rfe1 Rb8 15. Nf1 a6 16. Ne3 {½-½ (51) Vovk,A (2641)-Mihok,O (2498) Hungary 2016}) 8... O-O 9. c3 Re8 10. Bf4 Nd7 11. Nbd2 Nf8 {LiveBook: 7 Games} 12. h3 c6 13. Qb3 $146 ({Predecessor:} 13. Nf1 g6 14. N1h2 Ne6 15. Bg3 Ng7 16. Ng4 {1-0 (24) Vysochin,S (2515)-Semcesen,D (2484) Lvov 2012}) 13... Ne6 14. Bh2 g6 15. Re2 Bf8 16. Rae1 Ng7 17. Rxe8 Ngxe8 18. c4 dxc4 19. Nxc4 Be6 20. Rxe6 fxe6 21. Nxd6 ({White should try} 21. h4 $1 $14) 21... Bxd6 $11 22. Qxe6+ Kg7 $1 23. Be5+ $1 Bxe5 24. Nxe5 Qc7 $1 25. Ng4 {Strongly threatening Bc4.} (25. Bxg6 $5 hxg6 26. Qxg6+ Kf8 27. Qf5+ Kg8 28. Qe6+ Kh8 29. Qh6+ Kg8 30. Qe6+ Kh8 31. Qh6+ Kg8 32. Qe6+ $11) 25... Qd6 26. Qe3 $1 {[%cal Re3h6]} Nc7 27. h4 Nd5 28. Qh6+ Kg8 29. g3 Qf8 $36 {[%mdl 2048] And now ...Qxh6 would win. Black has the initiative.} 30. Qc1 $1 Nf6 31. Ne5 Kg7 32. Qg5 {[%cal Rd3g6]} Qe8 33. Bc4 Ne4 (33... Qd8 $5 {[%cal Rd8d4]} 34. Bd3 Nd5 $11) 34. Qf4 Nd6 35. Bd3 (35. h5 $1 $11 {keeps the balance.} Qe7 36. h6+ Kh8 37. Qe3) 35... Qe7 $17 36. Qg4 Nf7 37. h5 {[%cal Rh5g6]} Nxe5 (37... Qd6 $15 38. Nc4 Nh6) 38. dxe5 $11 {[%cal Rh5g6]} Qxe5 39. hxg6 $15 {[%mdl 4096] Endgame Intending Qd7+ and mate. KQR-KQB} Kh8 40. gxh7 (40. Qh3 $5 {[%cal Rh3h7]} Qg7 41. Qh4 $11) 40... Qxb2 {Hoping for ...Rf8.} (40... Rf8 $5 {[%cal Re5e1]} 41. Qb4 c5 $15) 41. Qf5 (41. Bc4 $5 {[%cal Rg4g8]} Qg7 42. Qe6 $11) 41... Qd4 42. g4 Qd6 43. Qf3 Rd8 44. g5 {[#]} Rf8 $1 {[%cal Rf8f3]} ({Don't play} 44... Qxd3 $6 45. Qf6+ Kxh7 46. Qf7+ Kh8 47. Qf6+ Kh7 48. Qf7+ Kh8 49. Qf6+ Kh7 $11) 45. Qe3 Qf4 {...Qxe3 is the strong threat.} 46. Qxf4 $4 {[%mdl 8192]} (46. Qc5 $17 {nothing else works.} Rd8 47. Bc2) 46... Rxf4 $17 {KR-KB} 47. Kf1 c5 {[%cal Bc6c5,Bc5c4][%mdl 32]} 48. g6 c4 49. Bc2 b5 {[%cal Bb7b5,Bb5b4,Bb4b3][%mdl 32]} 50. Ke2 b4 51. Ke3 Rh4 52. f4 {[#]} b3 $1 {[%mdl 512]} 53. axb3 cxb3 54. Bxb3 Rh3+ {Black mates.} 55. Ke4 Rxb3 56. f5 a5 57. f6 Rb5 {Precision: White = 54%, Black = 74%.} 0-1

[Event "Turkey IS Bank Super League 2017"]
[Site "Darica-Kocaeli"]
[Date "2017.07.30"]
[Round "6"]
[White "Zhigalko, Sergei"]
[Black "Cheparinov, Ivan"]
[Result "0-1"]
[WhiteElo "2648"]
[BlackElo "2703"]
[Annotator "TA"]
[PlyCount "86"]
[EventType "team-tourn"]
[EventCountry "TUR"]
[SourceTitle "playchess.com"]
[Source "ChessBase"]
[SourceQuality "1"]

{[%evp 20,86,0,-4,0,-9,-10,-21,-18,-14,-11,-11,-11,-12,-7,-32,-25,-28,-25,-37,-40,-72,-28,-20,-25,-41,-35,-35,-35,-37,-35,-56,-77,-70,-68,-72,-18,-63,-65,-79,-60,-59,-64,-90,-29,-25,0,-189,-184,-185,-192,-194,-192,-189,-189,-181,-228,-1102,-314,-29989,-693,-29991,-29991,-29993,-29994,-29994,-29995,-29995,-29996]} 1. e4 e5 2. Nf3 Nc6 3. Bb5 Nf6 4. O-O Nxe4 5. d4 Nd6 6. Bxc6 dxc6 7. dxe5 Nf5 8. Qxd8+ Kxd8 9. Nc3 Bd7 10. h3 h6 11. b3 b6 {C67: Ruy Lopez: Berlin Defence: 4 0-0 Nxe4} 12. Bb2 Kc8 13. Rfd1 c5 {The position is equal.} (13... Ne7 14. Rd2 c5 15. Rad1 Bc6 16. Ne2 Kb7 17. Nf4 g5 18. Nh5 Rg8 19. Nh2 Rg6 20. Rd8 Rc8 {½-½ (79) Grigoriants,S (2576)-Nakamura,H (2786) chess.com INT 2017}) 14. Nd5 a5 $146 ({Predecessor:} 14... Bc6 15. c4 Kb7 16. Rd3 a5 17. a4 Rg8 18. Rad1 Re8 19. Re1 Rd8 20. Red1 g5 {½-½ (40) Konrad,E (2203)-Schreiner,P (2439) Aschach 2012}) 15. a4 Ne7 16. c4 Bf5 17. Ne3 Be6 18. Rd2 Kb7 19. Rad1 g5 20. Nd5 Ng6 21. Nf6 Be7 22. Nh2 Bxf6 23. exf6 Rae8 24. Nf1 h5 {[%cal Bh6h5,Bh5h4][%mdl 32]} 25. Kh2 g4 26. hxg4 Bxg4 27. f3 Be6 (27... Bc8 $17) 28. Ng3 h4 29. Ne4 Rhg8 30. Ba1 Kc6 31. Bb2 Bf5 (31... Nf4 $1 $17 32. Bc1 (32. Be5 Nh5 $17) 32... Nh5) 32. Ng5 $11 Ne5 {Hoping for ...Nxc4.} 33. f4 $2 (33. Re1 $11 {and White has nothing to worry.}) 33... Ng4+ $19 34. Kg1 Bg6 ({Inferior is} 34... Ne3 35. Re1 $11) 35. Nf3 {[#]} Re3 $1 36. Nxh4 Be4 {Threatens to win with ...Rh8.} 37. Be5 {and the idea Rd7 leaves White hopeful.} Rh8 38. Bxc7 $2 (38. Rd7 Nxe5 39. fxe5) 38... Rxh4 $2 (38... Kxc7 39. Rd7+ Kc8) 39. Bd8 $2 (39. Rd7 $19 Kb7 40. f5) 39... Rg3 (39... Rh2 $142 40. f5 {[#]} Reh3 $1 {[%mdl 512]} 41. Rd6+ Kb7 42. Kf1 Rxg2 43. Rd7+ Ka8 44. Ra7+ Kxa7 45. Rd7+ Ka6 46. Ra7+ Kxa7 47. Bxb6+ Kxb6 48. Ke1 Rh1#) 40. Rd6+ Kb7 {Black mates.} 41. Rxb6+ Kc8 42. Rd2 Re3 {[%cal Re3e1]} 43. Rd1 Re2 {Precision: White = 42%, Black = 69%.} 0-1

[Event "Turkey IS Bank Super League 2017"]
[Site "Darica-Kocaeli"]
[Date "2017.07.30"]
[Round "6"]
[White "Guseinov, Gadir"]
[Black "Pantsulaia, Levan"]
[Result "1/2-1/2"]
[WhiteElo "2645"]
[BlackElo "2585"]
[Annotator "TA"]
[PlyCount "110"]
[EventType "team-tourn"]
[EventCountry "TUR"]
[SourceTitle "playchess.com"]
[Source "ChessBase"]
[SourceQuality "1"]

{[%evp 18,110,20,20,20,20,20,12,18,17,6,17,18,19,19,19,18,18,18,24,24,20,23,19,28,18,45,15,22,21,38,22,103,103,103,103,88,91,103,48,83,71,92,101,138,113,126,84,83,51,53,57,52,36,40,22,34,46,49,16,60,0,0,0,0,0,0,0,0,0,0,0,0,0,0,0,0,0,15,15,16,15,115,0,222,0,0,0,0,0,0,0,0,0,0]} 1. e4 c6 2. d4 d5 3. Nc3 dxe4 4. Nxe4 Bf5 5. Ng3 Bg6 6. h4 h6 7. Nf3 e6 8. Ne5 Bh7 9. Bd3 Bxd3 10. Qxd3 Nd7 {B19: Classical Caro-Kann: 4...Bf5 main line} 11. Bf4 Qa5+ 12. c3 Nxe5 13. Bxe5 Nf6 14. O-O Ng4 15. Rad1 {[#]} Nxe5 $146 ({Predecessor:} 15... O-O-O 16. Qf3 Nxe5 17. dxe5 Rxd1 18. Rxd1 Qxe5 19. Qxf7 {0-1 (54) Kryvoruchko,Y (2714)-Alonso Rosell,A (2536) Minsk 2017}) 16. dxe5 {[%csl Gd1][%cal Rd3d7] [#]} Rd8 17. Qxd8+ Qxd8 18. Rxd8+ Kxd8 $11 {[%mdl 4096] Endgame KRB-KRN} 19. Rd1+ Ke8 20. h5 Be7 21. Ne4 f6 22. Kf1 Rf8 23. Ke2 Rf7 24. Rd3 f5 (24... fxe5 $11 25. f3 Bf8) 25. Nd6+ $16 Bxd6 26. Rxd6 {KR-KR} Ke7 27. g3 Rf8 28. Kf3 (28. c4 $16) 28... Rg8 29. Rd4 Rc8 30. Ra4 a6 31. Rd4 Rc7 32. c4 c5 33. Rd6 Rc6 $1 34. Rd3 b5 35. b3 Rb6 36. cxb5 axb5 37. Rc3 Rc6 38. a3 Rc7 39. g4 (39. Ke2 $14) 39... fxg4+ $11 40. Kxg4 Kd7 41. Kf4 Kc6 42. Ke4 Ra7 43. b4 c4 44. Rg3 Rd7 45. Rg6 Kb7 46. f4 ({Don't go for} 46. Rxe6 $2 c3 $19) 46... Rc7 47. Rg2 Kc6 48. f5 exf5+ 49. Kxf5 c3 (49... Rf7+ $11 {keeps the balance.} 50. Ke4 Rc7) 50. Ke6 ({White has to play} 50. Ke4 $16) 50... Ra7 $2 {[#]} (50... Kb7 $11 {and Black has nothing to worry.} 51. Rc2 Kc8) 51. Ra2 $2 ({Only move:} 51. Rc2 $1 $18 {[%cal Rc2c3]} Rxa3 52. Kf7 Ra7+ 53. Ke6) 51... Ra8 {The position is equal.} 52. Kf7 {aiming for e6.} Ra7+ (52... Kd5 $5 53. e6 $8 Kc4 $11) 53. Ke6 Ra8 {Hoping for ...Re8+.} 54. Kf7 {Threatens to win with e6.} Ra7+ (54... Kd5 $5 55. e6 $8 Kc4 $11) 55. Ke6 Ra8 {Precision: White = 56%, Black = 56%.} 1/2-1/2

[Event "Turkey IS Bank Super League 2017"]
[Site "Darica-Kocaeli"]
[Date "2017.07.30"]
[Round "6"]
[White "Swiercz, Dariusz"]
[Black "Solak, Dragan"]
[Result "1-0"]
[WhiteElo "2637"]
[BlackElo "2624"]
[Annotator "TA"]
[PlyCount "69"]
[EventType "team-tourn"]
[EventCountry "TUR"]
[SourceTitle "playchess.com"]
[Source "ChessBase"]
[SourceQuality "1"]

{[%evp 12,68,23,25,26,7,18,2,0,2,28,22,27,26,33,32,36,36,44,44,45,44,47,49,52,41,50,46,44,37,61,67,78,74,64,47,118,39,47,20,37,0,0,-23,-24,-193,-188,-181,195,204,515,522,883,957,902,867,2252,2131,29999]} 1. c4 c6 2. Nf3 d5 3. e3 Bg4 4. Qb3 Qc7 5. Ne5 Be6 6. d4 {A11: English Opening: 1...c6} Nd7 7. Nxd7 {LiveBook: 5 Games} Bxd7 $146 ({Predecessor:} 7... dxc4 8. Bxc4 Bxc4 9. Qxc4 Qxd7 10. O-O Nf6 11. Nc3 e6 {½-½ (44) Mkrtchian,L (2466)-Postny,E (2645) Jermuk 2013}) 8. Nc3 {White has an edge.} e6 9. Bd2 Nf6 10. Rc1 Qb6 11. Qc2 Be7 12. c5 $36 {[%mdl 2048] White is more active.} Qc7 13. f4 b6 14. b4 {[%cal Bb2b4,Bb4c5][%mdl 32]} a5 15. Na4 bxc5 16. bxc5 Ne4 17. Bd3 f5 18. Nb6 Ra7 19. Rb1 O-O 20. O-O Be8 21. Be1 {[%cal Bd2e1,Be1g3,Bg3f4,Bf4h6][%mdl 32]} Bh5 22. Rb3 Bd8 23. Ra3 g5 {[#]} (23... Qb7 $14) 24. Bxe4 ({Don't play} 24. Rxa5 $6 gxf4 25. Rxa7 (25. exf4 Rxa5 26. Bxa5 Bf6 $15) (25. Rxf4 Bg5 $17) 25... Qxa7 $11) (24. Bxa5 $6 Qg7 $11) (24. fxg5 $1 $16 Bxg5 25. Bxe4 fxe4 26. Rxf8+ Kxf8 27. Qf2+ Kg8 28. h4) 24... fxe4 $14 25. Bg3 Qb7 26. Rb3 {And now Nxd5! would win.} Qa6 27. Rb2 Raf7 28. Qa4 $2 {[#]} (28. Qf2 $11) 28... gxf4 $1 $19 29. Bxf4 Be2 $4 {[%mdl 8192]} (29... Qd3 $19 {and all is fine.} 30. Rb3 Bd1 31. Rxd3 Bxa4) 30. Rf2 $18 Bb5 $2 (30... Rxf4 {is a better chance.} 31. exf4 Bb5) 31. Qd1 Rg7 32. Bh6 {Rxf8+ is the strong threat.} Rxf2 33. Rxf2 {Qh5 would kill now.} Qb7 {[#]} 34. Qg4 $1 {[%mdl 512]} Rxg4 35. Rf8# {Precision: White = 61%, Black = 45%.} 1-0

[Event "Turkey IS Bank Super League 2017"]
[Site "Darica-Kocaeli"]
[Date "2017.07.30"]
[Round "6"]
[White "Krasenkow, Michal"]
[Black "Topak, Engin"]
[Result "1-0"]
[WhiteElo "2630"]
[BlackElo "2192"]
[Annotator "TA"]
[PlyCount "61"]
[EventType "team-tourn"]
[EventCountry "TUR"]
[SourceTitle "playchess.com"]
[Source "ChessBase"]
[SourceQuality "1"]

{[%evp 15,61,30,41,41,50,46,36,33,35,20,55,52,60,32,28,28,39,31,22,0,0,0,0,0,-4,-6,0,0,13,0,0,0,67,81,83,78,81,88,83,79,300,318,294,290,343,339,305,272]} 1. Nf3 Nf6 2. c4 e6 3. Nc3 d5 4. d4 Bb4 5. Qa4+ Nc6 6. e3 O-O 7. Bd2 Bxc3 {D38: Queen's Gambit Declined: Ragozin Defence (4 Nf3 Bb4)} (7... dxc4 8. Bxc4 Bd6 9. a3 e5 10. d5 Ne7 11. e4 Bd7 12. Qd1 h6 13. O-O c6 14. dxc6 Bxc6 15. Qe2 {½-½ (33) Zherebukh,Y (2642)-Le,Q (2726) Philadelphia 2017}) 8. Bxc3 Ne4 {LiveBook: 3 Games} 9. Bd3 Nxc3 {White is slightly better.} 10. bxc3 dxc4 11. Qxc4 $146 ({Predecessor:} 11. Bxc4 Bd7 12. Qc2 Ne7 13. Bd3 g6 14. O-O c5 15. e4 {0-1 (51) Damljanovic,B (2410)-Govedarica,R (2420) Skender Vakuf 1980}) 11... Qd5 12. Qa4 Bd7 13. Qc2 h6 14. e4 Qd6 15. e5 Qa3 16. O-O Na5 17. c4 Bc6 18. Qe2 Rad8 19. Qe3 Qe7 20. Rad1 Rd7 (20... Bxf3 $5 21. Qxf3 f5 $11) 21. Rfe1 b6 22. d5 exd5 23. Nd4 Ba4 (23... dxc4 $11 24. Bc2 Qc5) 24. Nf5 $14 Qg5 {[#]} 25. f4 $1 {[%cal Rf4g5]} Qh5 26. Rc1 ({Much weaker is} 26. Qg3 $6 g6 $15) 26... dxc4 {[#]} 27. Bb1 $1 $40 {[%mdl 128] White is out for blood.} Kh8 $2 (27... g6 $16 {might work better.} 28. e6 fxe6 29. Qxe6+ Rdf7 30. Ne7+ Kg7) 28. Qa3 $18 {White has a decisive advantage.} Rfd8 {Black wants to play ...Bc6.} 29. Qxa4 Qg4 30. Rf1 Rd2 {[%csl Gd2][%cal Rg4g2]} 31. Ne3 {Precision: White = 64%, Black = 53%.} 1-0

[Event "Turkey IS Bank Super League 2017"]
[Site "Darica-Kocaeli"]
[Date "2017.07.30"]
[Round "6"]
[White "Salgado Lopez, Ivan"]
[Black "Paichadze, Luka"]
[Result "1/2-1/2"]
[WhiteElo "2622"]
[BlackElo "2581"]
[Annotator "TA"]
[PlyCount "116"]
[EventType "team-tourn"]
[EventCountry "TUR"]
[SourceTitle "playchess.com"]
[Source "ChessBase"]
[SourceQuality "1"]

{[%evp 10,116,12,6,15,15,4,11,17,7,18,0,0,0,33,29,31,31,30,30,22,32,37,31,28,35,43,28,76,64,72,46,61,61,77,61,72,77,65,31,84,77,93,95,97,89,92,101,110,118,260,260,260,260,260,260,260,260,260,260,260,260,260,260,260,260,235,235,225,96,96,96,102,96,106,106,114,117,119,119,119,0,0,0,0,0,0,0,0,0,0,0,0,0,0,0,0,0,0,0,0,0,0,0,0,0,0,0,0]} 1. Nf3 Nf6 2. b3 d5 3. Bb2 Bg4 4. g3 Nbd7 5. Bg2 e6 6. O-O Bd6 {A07: Réti Opening: New York and Capablanca Systems} 7. d3 (7. h3 $5 {[%cal Rh3g4]} Bh5 8. d3 $11) (7. c4 O-O 8. d3 a5 9. a3 a4 10. b4 c5 11. bxc5 Nxc5 12. Nbd2 Rb8 13. cxd5 exd5 14. d4 Nce4 15. Nxe4 dxe4 {1-0 (41) Naiditsch,A (2702)-Shirov,A (2701) Trzcianka 2012}) 7... O-O 8. Nbd2 Qe7 9. a3 Rfd8 $146 ({Find the theoretical novelty and annotate with similar games:} 9... c6 10. h3 Bh5 11. Qe1 Rfe8 12. e4 dxe4 13. dxe4 {1-0 (40) Maiwald,J (2529)-Duer,W (2325) Austria 2000}) 10. Qe1 e5 11. e4 dxe4 12. Nxe4 Bxf3 13. Bxf3 Nxe4 14. Qxe4 c6 15. Rfe1 Re8 16. Bg2 Rad8 17. b4 a6 18. Re2 Qf8 19. Qc4 Kh8 20. Qb3 f6 21. Rae1 Qg8 22. c4 Bb8 23. Qc2 Qf7 24. h4 Nf8 (24... f5 $14) 25. d4 $16 {[%cal Rd4e5]} exd4 26. Rxe8 Rxe8 27. Rxe8 Qxe8 28. Bxd4 Be5 29. Qe4 Qg6 (29... Ng6 $16) 30. Bxe5 $18 Qxe4 31. Bxe4 fxe5 {[%mdl 4096] Endgame KB-KN} 32. Bf5 b6 33. a4 Kg8 34. Bc8 Kf7 35. Bxa6 Ke7 36. Bc8 $1 Kd6 37. h5 c5 38. b5 $1 e4 {[#]} 39. f4 (39. Kf1 $1 $18 {and White stays clearly on top.}) 39... exf3 $16 40. Kf2 Ke5 41. g4 g6 42. h6 Ne6 43. Bxe6 $1 ({Much weaker is} 43. Kxf3 $6 Ng5+ 44. Ke2 Nf7 $15) 43... Kxe6 44. Kxf3 {KP-KP} Ke5 {[#]} 45. Ke3 (45. g5 $1 $16) 45... g5 $1 $11 {The position is equal.} 46. Kd2 (46. a5 $5 bxa5 47. Kd2 $11) 46... Kd6 47. Kc1 Kc7 48. Kb1 Kc8 49. Ka1 Kc7 50. Ka2 Kc8 51. Ka3 {And now a5 would win.} (51. a5 $5 bxa5 52. Ka3 $11) 51... Kb7 52. Kb3 Kc7 53. Kc3 (53. a5 $5 bxa5 54. Ka4 $11) 53... Kd7 54. Kc2 (54. a5 $5 bxa5 55. Kb2 $11) 54... Kc8 55. Kd2 (55. a5 $5 bxa5 56. Kb3 $11) 55... Kd7 56. Kc2 Kc8 57. Kd3 Kd7 58. Ke4 Ke6 {Precision: White = 72%, Black = 66%.} 1/2-1/2